Организация и контроль самостоятельной работы студентов на кафедре химической технологии топлива; Оценка и управление качеством подготовки специалистов как фактор интенсификации учебного процесса; Вып. 2

Dettagli Bibliografici
Parent link:Оценка и управление качеством подготовки специалистов как фактор интенсификации учебного процесса: тезисы докладов Республиканской научно-методической конференции по вопросам оценки и управления качеством подготовки специалистов, Томск, 1988 г./ Томский политехнический институт (ТПИ) ; под ред. И. П. Чучалина.— , 1988-
Вып. 2.— 1988.— С. 53
Autore principale: Кравцов А. В. Анатолий Васильевич
Altri autori: Смольянинов С. И. Станислав Иванович
Lingua:russo
Pubblicazione: 1988
Soggetti:
Natura: MixedMaterials Capitolo di libro
KOHA link:https://koha.lib.tpu.ru/cgi-bin/koha/opac-detail.pl?biblionumber=97219

MARC

LEADER 00000naa2a2200000 4500
001 97219
005 20231031110837.0
035 |a (RuTPU)RU\TPU\book\104214 
090 |a 97219 
100 |a 20060524d1988 k y0rusy50 ca 
101 0 |a rus 
102 |a RU 
200 1 |a Организация и контроль самостоятельной работы студентов на кафедре химической технологии топлива  |f А. В. Кравцов, С. И. Смольянинов 
461 1 |0 (RuTPU)RU\TPU\book\256778  |t Оценка и управление качеством подготовки специалистов как фактор интенсификации учебного процесса  |o тезисы докладов Республиканской научно-методической конференции по вопросам оценки и управления качеством подготовки специалистов, Томск, 1988 г.  |f Томский политехнический институт (ТПИ) ; под ред. И. П. Чучалина  |d 1988- 
463 1 |0 (RuTPU)RU\TPU\book\103468  |t Вып. 2  |v С. 53  |d 1988  |p 98 с. 
610 1 |a самостоятельные работы 
610 1 |a топливо 
610 1 |a высшее образование 
610 1 |a организация работы 
610 1 |a контроль 
610 1 |a труды учёных ТПУ 
610 1 |a знания 
686 |a Ч 481  |v LBC/SL-A  |2 rubbk 
700 1 |a Кравцов  |b А. В.  |c химик-технолог  |c профессор-консультант Томского политехнического университета, доктор технических наук  |f 1938-  |g Анатолий Васильевич  |2 stltpush  |3 (RuTPU)RU\TPU\pers\19827 
701 1 |a Смольянинов  |b С. И.  |c российский химик-технолог  |c профессор Томского политехнического университета  |f 1925-1991  |g Станислав Иванович  |2 stltpush  |3 (RuTPU)RU\TPU\pers\15849 
801 1 |a RU  |b 63413507  |c 20060524  |g PSBO 
801 2 |a RU  |b 63413507  |c 20220208  |g PSBO 
942 |c BK